The USSR olympiad problem book; (Record no. 159236)
[ view plain ]
| 000 -LEADER | |
|---|---|
| fixed length control field | 01446cam9a220027701 4500 |
| 001 - CONTROL NUMBER | |
| control field | lce00558645 |
| 005 - DATE AND TIME OF LATEST TRANSACTION | |
| control field | 20190826090514.0 |
| 008 - FIXED-LENGTH DATA ELEMENTS--GENERAL INFORMATION | |
| fixed length control field | 731030s1962 caua 000 0 eng |
| 010 ## - LIBRARY OF CONGRESS CONTROL NUMBER | |
| LC control number | 61015273 /L/r894 |
| 035 ## - SYSTEM CONTROL NUMBER | |
| System control number | (Sirsi) r16725 |
| 035 ## - SYSTEM CONTROL NUMBER | |
| System control number | (DLC) 61015273 /L/r894 |
| 035 ## - SYSTEM CONTROL NUMBER | |
| System control number | (UPRA)lce00558645 |
| 040 ## - CATALOGING SOURCE | |
| Original cataloging agency | DLC |
| Transcribing agency | DLC |
| Modifying agency | ICU |
| -- | DLC |
| 041 1# - LANGUAGE CODE | |
| Language code of text/sound track or separate title | eng rus |
| Language code of original | eng rus |
| 050 00 - LIBRARY OF CONGRESS CALL NUMBER | |
| Classification number | QA43 |
| Item number | .S5823 |
| 082 00 - DEWEY DECIMAL CLASSIFICATION NUMBER | |
| Classification number | 510.76 |
| 100 1# - MAIN ENTRY--PERSONAL NAME | |
| Personal name | Shkliarskii, D. O. (David Oskarovich), 1918-1942. |
| Fuller form of name | Shkliarskii, D. O. (David Oskarovich), 1918-1942. |
| Dates associated with a name | Shkliarskii, D. O. (David Oskarovich), 1918-1942. |
| Linkage | A74334.1 |
| 240 10 - UNIFORM TITLE | |
| Uniform title | Izbrannye zadachi i teoremy elementarnoi matematiki, ch. 1. English |
| Number of part/section of a work | Izbrannye zadachi i teoremy elementarnoi matematiki, ch. 1. English |
| Language of a work | Izbrannye zadachi i teoremy elementarnoi matematiki, ch. 1. English |
| 245 14 - TITLE STATEMENT | |
| Title | The USSR olympiad problem book; |
| Remainder of title | selected problems and theorems of elementary mathematics |
| Statement of responsibility, etc. | [by] D. O. Shklarsky, N. N. Chentzov [and] I. M. Yaglom. Rev. and edited by Irving Sussman. Translated by John Maykovich. |
| 260 ## - PUBLICATION, DISTRIBUTION, ETC. | |
| Place of publication, distribution, etc. | San Francisco, |
| Name of publisher, distributor, etc. | Freeman |
| Date of publication, distribution, etc. | [1962] |
| 440 #0 - SERIES STATEMENT/ADDED ENTRY--TITLE | |
| Title | Series of undergraduate books in mathematics |
| Linkage | S10817.1 |
| 500 ## - GENERAL NOTE | |
| General note | Translation of Izbrannye zadachi i teoremy elementarnoi matematiki, ch. 1. |
| 650 #0 - SUBJECT ADDED ENTRY--TOPICAL TERM | |
| Topical term or geographic name entry element | Mathematics -- Problems, exercises, etc. |
| General subdivision | Mathematics -- Problems, exercises, etc. |
| Linkage | S3042.1 |
| 949 ## - LOCAL PROCESSING INFORMATION (OCLC) | |
| a | QA43 |
| w | lcc |
| i | -11809 |
| m | MAIN |
| t | BOOK |
| l | ON-SHELF |
No items available.